[Event "Junior Online 4NCL Division 1"]
[Site "online"]
[Date "2020.04.23"]
[Round "2.16"]
[White "Carroll, Peter"]
[Black "Royal, Shreyas"]
[Result "1-0"]
[WhiteElo "2006"]
[BlackElo "2117"]
[PlyCount "95"]
[EventDate "2020.04.23"]
[WhiteTeam "Gonzaga College SJ A"]
[BlackTeam "KJCA Young Kestrels A"]

1. e4 e5 2. Nf3 Nc6 3. d4 exd4 4. Nxd4 Nf6 5. Nxc6 bxc6 6. e5 Qe7 7. Qe2 Nd5 8.
h4 d6 9. c4 Nb6 10. exd6 cxd6 11. Be3 Be6 12. Qc2 Qb7 13. Nd2 Be7 14. Bd3 h6
15. h5 Rd8 16. O-O Bg4 17. f3 Be6 18. Rae1 O-O 19. Bd4 c5 20. Bc3 d5 21. Be5 d4
22. Ne4 Nd7 23. Bf4 Nf6 24. b3 Nxh5 25. Be5 f5 26. Ng3 Nxg3 27. Bxg3 Bd6 28.
Rxe6 Bxg3 29. Bxf5 Qf7 30. Rg6 Qxf5 31. Qxf5 Rxf5 32. Rxg3 Re5 33. f4 Re2 34.
Rf2 Re1+ 35. Kh2 Kf7 36. Rd3 Kf6 37. Kg3 Rde8 38. b4 R8e3+ 39. Rf3 cxb4 40.
Rxd4 R3e2 41. Rd6+ Kf5 42. Rd5+ Kg6 43. Rd6+ Kh7 44. Ra6 Rc2 45. Rxa7 Ree2 46.
Rb3 Rxg2+ 47. Kf3 Rc3+ 48. Kxg2 1-0

[Event "Junior Online 4NCL Division 1"]
[Site "online"]
[Date "2020.04.23"]
[Round "2.17"]
[White "Ismail, Mohammed Aayan"]
[Black "Moran, Darragh"]
[Result "1-0"]
[WhiteElo "2042"]
[BlackElo "1831"]
[PlyCount "141"]
[EventDate "2020.04.23"]
[WhiteTeam "KJCA Young Kestrels A"]
[BlackTeam "Gonzaga College SJ A"]

1. c4 c6 2. d4 d5 3. Nc3 Nf6 4. Bg5 e6 5. e3 Nbd7 6. f4 Qb6 7. Qc2 Bb4 8. Bd3
dxc4 9. Bxc4 c5 10. a3 Bxc3+ 11. bxc3 h6 12. Bh4 cxd4 13. cxd4 Qc6 14. Nf3 b5
15. Bd3 Qxc2 16. Bxc2 Bb7 17. Ke2 O-O 18. Bd3 a6 19. Rab1 Be4 20. Rhc1 Rfc8 21.
Be1 Nb6 22. Bb4 Nc4 23. Ne5 Bxd3+ 24. Kxd3 Nd5 25. Nxc4 bxc4+ 26. Rxc4 Rxc4 27.
Kxc4 Nxe3+ 28. Kd3 Nd5 29. Bd2 Kh7 30. Rb7 Kg6 31. g4 Nf6 32. g5 hxg5 33. fxg5
Nd5 34. h4 Rh8 35. Be1 Nf4+ 36. Kc4 Ng2 37. Bd2 Nxh4 38. Ra7 Nf5 39. Rxa6 Rc8+
40. Kd3 Rd8 41. Ra4 Rd5 42. Rc4 e5 43. Rc6+ Kh7 44. Ke4 Rxd4+ 45. Kxf5 Rxd2 46.
Kxe5 Ra2 47. Ra6 Re2+ 48. Kf5 Rf2+ 49. Ke5 Re2+ 50. Kd6 Kg6 51. Ra5 Rd2+ 52.
Ke7 Re2+ 53. Kf8 Re6 54. a4 Rb6 55. Rb5 Ra6 56. a5 f6 57. gxf6 gxf6 58. Ke7 Kg7
59. Kd7 Ra7+ 60. Kc6 Kg6 61. Kb6 Re7 62. a6 f5 63. a7 Re8 64. Ka6 Kg5 65. Rb8
Re6+ 66. Kb5 Re5+ 67. Kc4 Ra5 68. a8=Q Rxa8 69. Rxa8 f4 70. Rg8+ Kh4 71. Kd3
1-0

[Event "Junior Online 4NCL Division 1"]
[Site "online"]
[Date "2020.04.23"]
[Round "2.18"]
[White "Dwyer, Daniel"]
[Black "Ratnesan, Rajeiv"]
[Result "0-1"]
[WhiteElo "1723"]
[BlackElo "2057"]
[PlyCount "118"]
[EventDate "2020.04.23"]
[WhiteTeam "Gonzaga College SJ A"]
[BlackTeam "KJCA Young Kestrels A"]

1. e4 b6 2. d4 Bb7 3. Nc3 e6 4. Be3 Nf6 5. f3 d5 6. e5 Nfd7 7. f4 c5 8. Nf3 Nc6
9. Ne2 Be7 10. c3 c4 11. g4 b5 12. Bg2 a5 13. O-O Qb6 14. f5 Ndxe5 15. fxe6
Nxf3+ 16. Rxf3 f6 17. Nf4 O-O-O 18. Rf1 Ne5 19. Bf2 Ng6 20. Nxg6 hxg6 21. Re1
Qc7 22. Bg3 Bd6 23. Qf3 Rhe8 24. Bh3 Kb8 25. Re2 Re7 26. Rae1 Rde8 27. g5 f5
28. Bg2 b4 29. Kf2 f4 30. Bh4 Rh8 31. Qg4 a4 32. Bf3 Ka7 33. a3 bxc3 34. bxc3
Qa5 35. Rc2 Rb8 36. Rb1 Bc6 37. Rxb8 Bxb8 38. Kg2 Bd6 39. Be1 Rb7 40. Bd2 Rb3
41. Bxf4 Be7 42. Bd2 Rxa3 43. Qf4 Rb3 44. Qf7 Rb7 45. Qxg6 a3 46. Rc1 a2 47.
Ra1 Qa3 48. Bc1 Qb3 49. Qf5 Kb6 50. Bxd5 Bxd5+ 51. Qxd5 Ra7 52. Qf3 Qb1 53. d5
Qxa1 54. Be3+ Kc7 55. Bxa7 Qb2+ 56. Kh3 a1=Q 57. Qf4+ Kc8 58. Bd4 Qh1 59. d6
Qbg2+ 0-1

[Event "Junior Online 4NCL Division 1"]
[Site "online"]
[Date "2020.04.23"]
[Round "2.21"]
[White "Cont, Arya"]
[Black "Maladkar, Lavanya"]
[Result "1-0"]
[WhiteElo "2147"]
[BlackElo "1757"]
[PlyCount "123"]
[EventDate "2020.04.23"]
[WhiteTeam "Ojays A"]
[BlackTeam "Maid Marians 1"]

1. b3 d5 2. Bb2 c5 3. e3 Nc6 4. Bb5 Bd7 5. Nf3 Nf6 6. O-O a6 7. Bxc6 Bxc6 8.
Ne5 Bb5 9. c4 Bc6 10. Nc3 e6 11. d3 Bd6 12. Nxc6 bxc6 13. Na4 O-O 14. d4 cxd4
15. c5 Bc7 16. exd4 Re8 17. Re1 Qb8 18. h3 Nd7 19. Qg4 Qd8 20. Re2 Nf6 21. Qf3
Qd7 22. Rae1 Ne4 23. Nc3 Ba5 24. Rc1 f5 25. Nxe4 fxe4 26. Qg4 Rf8 27. Rf1 Qf7
28. f3 Qf5 29. Ref2 e3 30. Re2 Qxg4 31. hxg4 Bd2 32. Bc1 Rf4 33. Bxd2 exd2 34.
Rxd2 Rb8 35. g3 Rf6 36. Kf2 Rbf8 37. Ke3 Kf7 38. f4 Ke7 39. g5 R6f7 40. Rh2 g6
41. Rfh1 Rh8 42. Kd3 Kd7 43. Kc3 a5 44. Kb2 Kc7 45. Ka3 Kb7 46. Ka4 Ka6 47. Rh6
Rb7 48. Rxg6 hxg6 49. Rxh8 Rb4+ 50. Ka3 Rxd4 51. Rg8 Rd3 52. Rxg6 Rxg3 53. Rxe6
Kb5 54. g6 Kxc5 55. f5 Rg5 56. f6 d4 57. f7 Rf5 58. Re5+ Rxe5 59. f8=Q+ Kb5 60.
Qb8+ Kc5 61. Qxe5+ Kb6 62. Qxd4+ 1-0

[Event "Junior Online 4NCL Division 1"]
[Site "online"]
[Date "2020.04.23"]
[Round "2.22"]
[White "Wang, Susie"]
[Black "Sieczkowski, Adam"]
[Result "0-1"]
[WhiteElo "1757"]
[BlackElo "2005"]
[PlyCount "72"]
[EventDate "2020.04.23"]
[WhiteTeam "Maid Marians 1"]
[BlackTeam "Ojays A"]

1. e4 c5 2. Nf3 a6 3. d4 cxd4 4. Nxd4 Nf6 5. Nc3 d6 6. Be3 e5 7. Nb3 Ng4 8. Bc1
Be6 9. h3 Nf6 10. Bg5 Be7 11. Bxf6 Bxf6 12. Be2 O-O 13. O-O Qc7 14. Bg4 Nd7 15.
Nd5 Bxd5 16. exd5 Be7 17. Bxd7 Qxd7 18. c4 Rac8 19. Nd2 b5 20. Rc1 bxc4 21.
Rxc4 Qb5 22. Rxc8 Rxc8 23. b3 Qxd5 24. Nc4 Qe6 25. Qe2 d5 26. Ne3 Rd8 27. Ng4
e4 28. Re1 f5 29. Ne3 d4 30. Nc4 Bb4 31. Rd1 d3 32. Qe3 g6 33. f3 Qc6 34. fxe4
Bc5 35. Kf2 Bxe3+ 36. Kxe3 fxe4 0-1

[Event "Junior Online 4NCL Division 1"]
[Site "online"]
[Date "2020.04.23"]
[Round "2.24"]
[White "Arlachova, Alexandra"]
[Black "Hobson, Kenneth"]
[Result "0-1"]
[WhiteElo "1510"]
[BlackElo "1765"]
[PlyCount "78"]
[EventDate "2020.04.23"]
[WhiteTeam "Maid Marians 1"]
[BlackTeam "Ojays A"]

1. e4 e5 2. Nf3 Nc6 3. Bc4 Nf6 4. d4 exd4 5. e5 d5 6. exf6 dxc4 7. Qe2+ Be6 8.
fxg7 Bxg7 9. O-O Qd7 10. Ng5 O-O-O 11. Nxe6 Qxe6 12. Qxe6+ fxe6 13. Bg5 Rd5 14.
Bh4 d3 15. cxd3 Bxb2 16. dxc4 Rh5 17. Nd2 Bxa1 18. Nf3 Nd4 19. Nxd4 Bxd4 20.
Bg3 Rc5 21. Rd1 Rxc4 22. h4 Rd8 23. Re1 Bf6 24. Rxe6 Bxh4 25. Kh2 Bxg3+ 26.
Kxg3 Rd3+ 27. Re3 Rxe3+ 28. fxe3 Kd7 29. Kf3 Ke6 30. g4 Ke5 31. a3 Rc1 32. g5
c5 33. Kg4 c4 34. Kh5 Rh1+ 35. Kg4 c3 36. Kg3 c2 37. Kg2 c1=Q 38. Kf3 Qf1+ 39.
Kg4 Qh3# 0-1

[Event "Junior Online 4NCL Division 1"]
[Site "online"]
[Date "2020.04.23"]
[Round "2.25"]
[White "Maladkar, Lavanya"]
[Black "Cont, Arya"]
[Result "0-1"]
[WhiteElo "1757"]
[BlackElo "2147"]
[PlyCount "80"]
[EventDate "2020.04.23"]
[WhiteTeam "Maid Marians 1"]
[BlackTeam "Ojays A"]

1. d4 d5 2. c4 e6 3. Nc3 c6 4. Nf3 dxc4 5. e4 b5 6. a4 Bb4 7. axb5 cxb5 8. g3
Nf6 9. e5 Nd5 10. Bd2 Nxc3 11. Bxc3 Bxc3+ 12. bxc3 Bb7 13. Bg2 Nd7 14. O-O O-O
15. Qe2 Nb6 16. Nd2 Bxg2 17. Kxg2 Na4 18. Qf3 Qd5 19. Ne4 Rfb8 20. Rfc1 a5 21.
Qg4 Kh8 22. Qf3 Nb2 23. Rcb1 Nd3 24. Nd6 Qxf3+ 25. Kxf3 b4 26. cxb4 c3 27. bxa5
Rxb1 28. Rxb1 c2 29. Ra1 Kg8 30. Ke3 c1=Q+ 31. Rxc1 Nxc1 32. Nc4 Nb3 33. Ke4
Nxa5 34. Nd6 Nb3 35. f4 Ra4 36. Nb5 Rb4 37. Nd6 Nxd4 38. Kd3 Nb5 39. Kc2 Nxd6
40. exd6 Rd4 0-1

[Event "Junior Online 4NCL Division 1"]
[Site "online"]
[Date "2020.04.23"]
[Round "2.26"]
[White "Sieczkowski, Adam"]
[Black "Wang, Susie"]
[Result "1-0"]
[WhiteElo "2005"]
[BlackElo "1757"]
[PlyCount "59"]
[EventDate "2020.04.23"]
[WhiteTeam "Ojays A"]
[BlackTeam "Maid Marians 1"]

1. Nf3 Nf6 2. c4 c5 3. d3 d6 4. g3 g6 5. Bg2 Bg7 6. Nc3 Nc6 7. O-O O-O 8. a3
Bd7 9. Rb1 a5 10. Bd2 Qc8 11. Re1 Bh3 12. Bh1 Re8 13. Na4 Qc7 14. b4 axb4 15.
axb4 cxb4 16. Bxb4 Nxb4 17. Rxb4 Qa5 18. Qb3 Bd7 19. Nb6 Ra6 20. Nxd7 Nxd7 21.
Rb5 Qd8 22. Rb1 Nc5 23. Qd1 b6 24. d4 Na4 25. Qb3 Qc7 26. e3 Rc8 27. Rb4 Rca8
28. Nd2 R8a7 29. Bf3 e5 30. Bd1 {Time} 1-0

[Event "Junior Online 4NCL Division 1"]
[Site "online"]
[Date "2020.04.23"]
[Round "2.28"]
[White "Hobson, Kenneth"]
[Black "Arlachova, Alexandra"]
[Result "1-0"]
[WhiteElo "1765"]
[BlackElo "1510"]
[PlyCount "93"]
[EventDate "2020.04.23"]
[WhiteTeam "Ojays A"]
[BlackTeam "Maid Marians 1"]

1. e4 e5 2. Nf3 Nc6 3. Bc4 Bc5 4. c3 Nf6 5. d3 d6 6. a4 Bg4 7. b4 Bxf3 8. Qxf3
d5 9. exd5 e4 10. dxe4 Ne5 11. Qe2 Nxc4 12. Qxc4 Be7 13. O-O O-O 14. Bg5 Nxe4
15. Bxe7 Qxe7 16. Re1 Nd6 17. Rxe7 Nxc4 18. Rxc7 Rfe8 19. Kf1 Nd6 20. Nd2 b6
21. Nc4 Ne4 22. Ne3 Nd2+ 23. Ke2 Ne4 24. f3 Nd6 25. Kd3 Re5 26. Rd7 Ne8 27. Kd4
f6 28. c4 a6 29. Rb7 b5 30. axb5 Nd6 31. Rd7 Nc8 32. Rxa6 Rb8 33. Rc6 Nb6 34.
Rdd6 Na4 35. Rc7 Rbe8 36. Ng4 Re1 37. c5 Rd1+ 38. Kc4 Rc1+ 39. Kb3 Nb6 40. Rxb6
Rb1+ 41. Kc2 Rg1 42. Rbb7 Rxg2+ 43. Kd3 Rg1 44. Rxg7+ Kh8 45. Rxh7+ Kg8 46.
Nh6+ Kf8 47. Rhf7# 1-0

[Event "Junior Online 4NCL Division 1"]
[Site "online"]
[Date "2020.04.23"]
[Round "2.31"]
[White "Dupuis, Denis K"]
[Black "Gogia, Armaan"]
[Result "1-0"]
[WhiteElo "1877"]
[BlackElo "1967"]
[PlyCount "111"]
[EventDate "2020.04.23"]
[WhiteTeam "The Numerators"]
[BlackTeam "Misty Minors 2"]

1. e4 c6 2. d4 d5 3. exd5 cxd5 4. c4 Nf6 5. Nc3 e6 6. Nf3 Be7 7. Bd3 dxc4 8.
Bxc4 O-O 9. O-O b6 10. d5 Qc7 11. Qb3 exd5 12. Nxd5 Nxd5 13. Bxd5 Bb7 14. Bf4
Bxd5 15. Qxd5 Qc6 16. Qxc6 Nxc6 17. Rac1 Rac8 18. Rfd1 Nb4 19. Be3 Rxc1 20.
Rxc1 Nd5 21. Bd2 Bf6 22. b3 g6 23. Kf1 Re8 24. Rc6 Kg7 25. g3 h6 26. Rd6 Rd8
27. Rxd8 Bxd8 28. Nd4 a6 29. Ke2 Bf6 30. Kd3 Kf8 31. Kc4 Nc7 32. Bxh6+ Ke8 33.
Be3 Kd7 34. f4 b5+ 35. Kd3 Kd6 36. g4 Nd5 37. Bd2 Kc5 38. Nc2 Kd6 39. h3 Bg7
40. Nb4 Nc7 41. Ke4 Ne6 42. Nxa6 Kc6 43. Nb4+ Kc5 44. Nd3+ Kd6 45. Bb4+ Kc6 46.
Ne5+ Bxe5 47. Kxe5 Kd7 48. h4 Nc7 49. h5 Ne8 50. h6 f6+ 51. Kd5 Nc7+ 52. Ke4
f5+ 53. gxf5 Ne8 54. fxg6 Nf6+ 55. Kf5 Nh5 56. h7 1-0

[Event "Junior Online 4NCL Division 1"]
[Site "online"]
[Date "2020.04.23"]
[Round "2.32"]
[White "Yu, Leo"]
[Black "Verma, Shlok"]
[Result "0-1"]
[WhiteElo "1787"]
[BlackElo "1915"]
[PlyCount "66"]
[EventDate "2020.04.23"]
[WhiteTeam "Misty Minors 2"]
[BlackTeam "The Numerators"]

1. e4 e6 2. d4 d5 3. e5 c5 4. c3 Nc6 5. Nf3 Qb6 6. Bd3 Bd7 7. O-O cxd4 8. cxd4
Nge7 9. Nbd2 Ng6 10. Nb3 Be7 11. Be3 O-O 12. Re1 a5 13. a3 a4 14. Nc5 Bxc5 15.
dxc5 Qc7 16. b4 Ncxe5 17. Nxe5 Nxe5 18. Bf4 f6 19. Qh5 h6 20. Bxe5 fxe5 21.
Qxe5 Qxe5 22. Rxe5 Rf6 23. Rae1 Raf8 24. f3 Rf4 25. Kf2 g5 26. R5e3 g4 27. Kg3
e5 28. fxg4 Rxg4+ 29. Kh3 Rg5+ 30. Kh4 Rf4+ 31. g4 Rfxg4+ 32. Kh3 Rf4+ 33. Bf5
Bxf5# 0-1

[Event "Junior Online 4NCL Division 1"]
[Site "online"]
[Date "2020.04.23"]
[Round "2.33"]
[White "Agrawal, Shivam"]
[Black "Stewart, Lilya"]
[Result "0-1"]
[WhiteElo "1795"]
[BlackElo "1682"]
[PlyCount "78"]
[EventDate "2020.04.23"]
[WhiteTeam "The Numerators"]
[BlackTeam "Misty Minors 2"]

1. d4 d5 2. c4 dxc4 3. e4 e5 4. Nf3 Bg4 5. Qa4+ Bd7 6. Qxc4 exd4 7. Nxd4 Nc6 8.
Nc3 Nf6 9. Bg5 Be7 10. O-O-O Ne5 11. Qb3 Nfg4 12. Bxe7 Qxe7 13. Qc2 O-O-O 14.
h3 Nf6 15. f4 Nc6 16. g4 Nxd4 17. Rxd4 Bc6 18. Rxd8+ Rxd8 19. Bg2 h5 20. e5 Nd5
21. Nxd5 Bxd5 22. Rd1 Bxg2 23. Qxg2 Qc5+ 24. Qc2 Qe3+ 25. Kb1 Rxd1+ 26. Qxd1
Qxf4 27. Qe2 hxg4 28. hxg4 Qh6 29. b3 Qg6+ 30. Kb2 Qe6 31. a4 f6 32. Kc3 Qxe5+
33. Qxe5 fxe5 34. Kc4 c6 35. Kd3 Kd7 36. Ke4 Ke6 37. b4 a6 38. a5 g6 39. g5 Kd6
0-1

[Event "Junior Online 4NCL Division 1"]
[Site "online"]
[Date "2020.04.23"]
[Round "2.34"]
[White "Shchepinova, Polina"]
[Black "Vaidya, Raghav"]
[Result "1-0"]
[WhiteElo "1682"]
[BlackElo "1667"]
[PlyCount "155"]
[EventDate "2020.04.23"]
[WhiteTeam "Misty Minors 2"]
[BlackTeam "The Numerators"]

1. e4 c5 2. Nf3 Nc6 3. d4 cxd4 4. Nxd4 Nf6 5. Nc3 e5 6. Ndb5 d6 7. f3 a6 8. Na3
b5 9. Nd5 Be7 10. Be3 Rb8 11. Qd2 O-O 12. Nxe7+ Qxe7 13. O-O-O Rd8 14. Kb1 Be6
15. g4 b4 16. Nc4 Bxc4 17. Bxc4 a5 18. h4 a4 19. h5 h6 20. g5 hxg5 21. Bxg5 Re8
22. h6 g6 23. f4 Nxe4 24. Bxe7 Nxd2+ 25. Rxd2 Nxe7 26. Rxd6 exf4 27. Rf6 Rf8
28. Rxf4 Rbc8 29. Bb5 Nd5 30. Rd4 Ne3 31. Bxa4 Rfd8 32. Rxb4 Rd2 33. c3 Nc4 34.
Bb5 Ne3 35. Re1 Nc2 36. Rc4 Rxc4 37. Bxc4 Nxe1 38. a4 g5 39. a5 g4 40. a6 Rd7
41. b4 g3 42. Bf1 f5 43. b5 Nd3 44. b6 Nc5 45. a7 Rd8 46. Bg2 f4 47. a8=Q Rxa8
48. Bxa8 Kh7 49. Kc2 Kxh6 50. b7 Nxb7 51. Bxb7 Kg5 52. Kd2 Kg4 53. Ke2 Kh3 54.
Kf1 Kg4 55. c4 Kf5 56. c5 Ke5 57. Bh1 Ke6 58. Ke2 Kd7 59. c6+ Kc7 60. Kd3 Kd6
61. Kd4 Kc7 62. Ke5 Kc8 63. Kxf4 Kc7 64. Kxg3 Kc8 65. Kf4 Kc7 66. Ke5 Kc8 67.
Kd6 Kd8 68. c7+ Kc8 69. Bb7+ Kxb7 70. Kd7 Ka7 71. c8=Q Kb6 72. Qc6+ Ka5 73. Qb7
Ka4 74. Kc6 Ka3 75. Kc5 Ka2 76. Kc4 Ka1 77. Kc3 Ka2 78. Qb2# 1-0

[Event "Junior Online 4NCL Division 1"]
[Site "online"]
[Date "2020.04.23"]
[Round "2.35"]
[White "Gogia, Armaan"]
[Black "Dupuis, Denis K"]
[Result "1-0"]
[WhiteElo "1967"]
[BlackElo "1877"]
[PlyCount "27"]
[EventDate "2020.04.23"]
[WhiteTeam "Misty Minors 2"]
[BlackTeam "The Numerators"]

1. Nc3 d5 2. e3 e5 3. Qh5 Qd6 4. d4 exd4 5. exd4 Nf6 6. Qe5+ Be7 7. Nb5 Qc6 8.
Nxc7+ Kd8 9. Nxa8 Bb4+ 10. Bd2 Re8 11. Bxb4 Rxe5+ 12. dxe5 Ne4 13. Bd3 Qb6 14.
Nxb6 1-0

[Event "Junior Online 4NCL Division 1"]
[Site "online"]
[Date "2020.04.23"]
[Round "2.36"]
[White "Verma, Shlok"]
[Black "Yu, Leo"]
[Result "1/2-1/2"]
[WhiteElo "1915"]
[BlackElo "1787"]
[PlyCount "72"]
[EventDate "2020.04.23"]
[WhiteTeam "The Numerators"]
[BlackTeam "Misty Minors 2"]

1. d4 d5 2. c4 e6 3. Nf3 c6 4. cxd5 exd5 5. Nc3 Nf6 6. Bg5 Bf5 7. e3 Nbd7 8.
Bd3 Bg6 9. O-O Be7 10. Qc2 Qc7 11. Bxg6 hxg6 12. Bf4 Qd8 13. a3 O-O 14. b4 Nb6
15. Nd2 Bd6 16. Bg3 Re8 17. a4 Nc8 18. b5 Bxg3 19. hxg3 cxb5 20. Nxb5 Nb6 21.
Qd3 Rc8 22. Nxa7 Ra8 23. Nb5 Rxa4 24. Rxa4 Nxa4 25. Qa3 Nb6 26. Qc5 Re6 27. Ra1
Rc6 28. Qa3 Nc4 29. Nxc4 dxc4 30. Rc1 Kh7 31. Qb4 Nd5 32. Qa3 Ra6 33. Qc5 Rc6
34. Qa3 Ra6 35. Qc5 Rc6 36. Qa3 Ra6 1/2-1/2

[Event "Junior Online 4NCL Division 1"]
[Site "online"]
[Date "2020.04.23"]
[Round "2.37"]
[White "Stewart, Lilya"]
[Black "Agrawal, Shivam"]
[Result "1/2-1/2"]
[WhiteElo "1682"]
[BlackElo "1795"]
[PlyCount "147"]
[EventDate "2020.04.23"]
[WhiteTeam "Misty Minors 2"]
[BlackTeam "The Numerators"]

1. e4 c6 2. d4 d5 3. Nc3 dxe4 4. Nxe4 Bf5 5. Ng3 Bg6 6. Nf3 Nd7 7. Bc4 e6 8.
Be3 Ngf6 9. Nh4 Nb6 10. Bb3 Nfd5 11. Nxg6 Nxe3 12. fxe3 hxg6 13. O-O Qc7 14.
Qf3 Bd6 15. e4 O-O 16. e5 Be7 17. c4 c5 18. Rad1 cxd4 19. Qd3 Qxe5 20. Rfe1 Qc7
21. Ne4 Rfd8 22. Rf1 Qe5 23. Qf3 Qf5 24. Qd3 Qe5 25. Rf3 Nd7 26. Rdf1 Nf6 27.
Nxf6+ Bxf6 28. Rh3 Rd7 29. Bc2 Rc8 30. b3 a6 31. Qd2 b5 32. Re1 Qc5 33. Bd3
bxc4 34. Bxc4 a5 35. Kh1 Rd6 36. Qd1 a4 37. Qg4 Qf5 38. Qd1 axb3 39. axb3 Ra8
40. Rf3 Qa5 41. Ref1 Rd7 42. Rd3 Rda7 43. h3 Qb6 44. Qf3 Ra1 45. Rdd1 Rxd1 46.
Rxd1 Rd8 47. Qd3 Qb4 48. g4 Qc3 49. Qxc3 dxc3 50. Rxd8+ Bxd8 51. Bd3 Ba5 52.
Kg2 Kf8 53. Kf3 Ke7 54. Ke4 Kd6 55. h4 f6 56. Kd4 g5 57. hxg5 fxg5 58. Kc4 Ke5
59. Kb5 Bd8 60. Kb4 Kf4 61. Kxc3 Kxg4 62. b4 Kf3 63. Kd4 g4 64. Be4+ Kf2 65.
Ke5 g3 66. Kxe6 g2 67. Bxg2 Kxg2 68. Kf5 Kf3 69. Kg6 Bf6 70. b5 Ke4 71. b6 Kd5
72. b7 Be5 73. b8=Q Bxb8 74. Kxg7 1/2-1/2

[Event "Junior Online 4NCL Division 1"]
[Site "online"]
[Date "2020.04.23"]
[Round "2.38"]
[White "Vaidya, Raghav"]
[Black "Shchepinova, Polina"]
[Result "1-0"]
[WhiteElo "1667"]
[BlackElo "1682"]
[PlyCount "82"]
[EventDate "2020.04.23"]
[WhiteTeam "The Numerators"]
[BlackTeam "Misty Minors 2"]

1. c4 Nf6 2. Nc3 d5 3. cxd5 Nxd5 4. g3 g6 5. Bg2 Nxc3 6. bxc3 Bg7 7. Nf3 O-O 8.
O-O Bf5 9. d4 c5 10. Re1 Nc6 11. e4 Bg4 12. Be3 cxd4 13. cxd4 Bxf3 14. Bxf3
Nxd4 15. Bxd4 Qxd4 16. Qxd4 Bxd4 17. Rab1 Rab8 18. Red1 Bf6 19. Rd7 b5 20. Rxa7
Rfc8 21. Ra5 b4 22. e5 Bg7 23. Bg2 Rc2 24. f4 e6 25. Ra1 Rd8 26. Ra8 Rxa8 27.
Bxa8 Bf8 28. Bg2 Bc5+ 29. Kh1 Bd4 30. Rb1 Bc3 31. Bf3 Rxa2 32. Bd1 Kf8 33. Bb3
Ke7 34. Bxa2 Kd7 35. Kg2 Kc7 36. Kf3 Kb6 37. Ke3 Kc5 38. Ke4 Kb6 39. g4 f5+ 40.
exf6 Bxf6 41. Bxe6 Kc5 1-0

[Event "Junior Online 4NCL Division 1"]
[Site "online"]
[Date "2020.04.23"]
[Round "2.41"]
[White "Ther, Mate"]
[Black "Buanne, Luca"]
[Result "1-0"]
[WhiteElo "2080"]
[BlackElo "1870"]
[PlyCount "91"]
[EventDate "2020.04.23"]
[WhiteTeam "Hull and Friends 1"]
[BlackTeam "King's College Junior"]

1. e4 c5 2. Nf3 d6 3. d4 cxd4 4. Nxd4 Nf6 5. f3 e5 6. Nb3 Be7 7. c4 Be6 8. Nc3
Nbd7 9. Be3 a6 10. Be2 Rc8 11. Nd2 O-O 12. O-O Nc5 13. b4 Ncd7 14. Rc1 a5 15.
a3 axb4 16. axb4 Ne8 17. Nd5 Bxd5 18. cxd5 f5 19. exf5 Rxf5 20. Ne4 Nc7 21. Bd3
Rf7 22. Qb3 Nf6 23. Ng5 Rf8 24. Bb6 Qd7 25. g4 g6 26. Ne6 Nxe6 27. dxe6 Qe8 28.
Be3 Kg7 29. b5 Rxc1 30. Rxc1 Qa8 31. Rc7 Qd8 32. b6 d5 33. Bc5 Re8 34. Rxb7 Kf8
35. Bxe7+ Rxe7 36. Rxe7 Kxe7 37. b7 Qb8 38. Qb6 Ne8 39. Qc6 Nf6 40. Qc8 Qa7+
41. Kg2 Qa2+ 42. Bc2 Nd7 43. Qxd7+ Kf6 44. h4 Qxc2+ 45. Kg3 Qc1 46. Qf7# 1-0

[Event "Junior Online 4NCL Division 1"]
[Site "online"]
[Date "2020.04.23"]
[Round "2.42"]
[White "Cordova-Lopez, Diego Anton"]
[Black "Varley, Joe"]
[Result "0-1"]
[WhiteElo "1780"]
[BlackElo "1795"]
[PlyCount "60"]
[EventDate "2020.04.23"]
[WhiteTeam "King's College Junior"]
[BlackTeam "Hull and Friends 1"]

1. e4 e5 2. Nf3 Nc6 3. Nc3 Nf6 4. a3 Be7 5. d4 exd4 6. Nxd4 O-O 7. Bc4 d6 8.
Be3 Ne5 9. Bb3 Re8 10. Qd2 Bd7 11. O-O-O a6 12. f4 Neg4 13. h3 Nxe3 14. Qxe3 c5
15. Nf3 Qc7 16. Bd5 Bf8 17. g4 Bc6 18. g5 Nxd5 19. Nxd5 Bxd5 20. Rxd5 b5 21. f5
Qb7 22. Qf4 b4 23. a4 b3 24. c3 Qd7 25. g6 Qxa4 26. gxf7+ Kxf7 27. Ng5+ Kg8 28.
Rxd6 Qa1+ 29. Kd2 Qxb2+ 30. Kd3 Bxd6 0-1

[Event "Junior Online 4NCL Division 1"]
[Site "online"]
[Date "2020.04.23"]
[Round "2.43"]
[White "Triffitt, Bradley"]
[Black "Ali, Shahvez"]
[Result "0-1"]
[WhiteElo "1495"]
[BlackElo "1697"]
[PlyCount "130"]
[EventDate "2020.04.23"]
[WhiteTeam "Hull and Friends 1"]
[BlackTeam "King's College Junior"]

1. d4 d5 2. c4 e6 3. Nc3 Nf6 4. Nf3 c6 5. Bg5 Be7 6. e3 h6 7. Bf4 dxc4 8. Bxc4
Nd5 9. Bxd5 exd5 10. Qc2 Bd6 11. Bg3 Bxg3 12. hxg3 Qf6 13. O-O-O Bf5 14. Qd2
Nd7 15. Rde1 Be4 16. Nh4 g5 17. Nf3 Bxf3 18. gxf3 O-O-O 19. f4 Nb6 20. Qc2 gxf4
21. gxf4 Qg6 22. f5 Qf6 23. Reg1 Rhg8 24. Ne2 Rg5 25. Ng3 Rdg8 26. Qd1 Nc4 27.
b3 Nd6 28. Rg2 Nxf5 29. Rhg1 Nxg3 30. Rxg3 Qxf2 31. Rxg5 Qxe3+ 32. Kb1 Rxg5 33.
Re1 Qf4 34. Rf1 Qe4+ 35. Ka1 f5 36. b4 Rg4 37. Qb3 Qxd4+ 38. Kb1 Rg1 39. Rxg1
Qxg1+ 40. Kb2 Qf2+ 41. Ka3 b5 42. Qc3 Kc7 43. Qe5+ Kb7 44. Qe7+ Ka6 45. Qd7 Qb6
46. Qxf5 Kb7 47. Qh7+ Qc7 48. Qxh6 Qd7 49. Qe3 d4 50. Qd3 Qd5 51. Qh7+ Kb6 52.
Qh8 Qd6 53. Qe8 d3 54. Qe3+ Kb7 55. Qd2 c5 56. Qg2+ Kb6 57. bxc5+ Qxc5+ 58. Kb3
Qc4+ 59. Kb2 b4 60. Qf2+ Kb5 61. Qf5+ Kb6 62. Qf6+ Ka5 63. Qf5+ Qb5 64. Qf1
Qe5+ 65. Kb3 Qc3# 0-1

[Event "Junior Online 4NCL Division 1"]
[Site "online"]
[Date "2020.04.23"]
[Round "2.44"]
[White "Patel, Sen"]
[Black "Kasprzyk, Milosz"]
[Result "1-0"]
[WhiteElo "1600"]
[BlackElo "1405"]
[PlyCount "33"]
[EventDate "2020.04.23"]
[WhiteTeam "King's College Junior"]
[BlackTeam "Hull and Friends 1"]

1. e4 c5 2. d4 cxd4 3. c3 dxc3 4. Nxc3 Nc6 5. Nf3 e6 6. Bf4 Bb4 7. Qc2 d5 8.
O-O-O Bxc3 9. Qxc3 Nf6 10. exd5 exd5 11. Bb5 Be6 12. Bxc6+ bxc6 13. Qxc6+ Bd7
14. Rhe1+ Ne4 15. Qxd5 Rc8+ 16. Kb1 Bc6 17. Rxe4+ 1-0

[Event "Junior Online 4NCL Division 1"]
[Site "online"]
[Date "2020.04.23"]
[Round "2.45"]
[White "Buanne, Luca"]
[Black "Ther, Mate"]
[Result "0-1"]
[WhiteElo "1870"]
[BlackElo "2080"]
[PlyCount "90"]
[EventDate "2020.04.23"]
[WhiteTeam "King's College Junior"]
[BlackTeam "Hull and Friends 1"]

1. e4 e5 2. Nf3 Nc6 3. Bb5 a6 4. Ba4 d6 5. c3 Bd7 6. O-O g6 7. d4 Bg7 8. d5
Nce7 9. Bxd7+ Qxd7 10. c4 h5 11. h4 Nh6 12. Ng5 O-O 13. f3 c6 14. Nc3 b5 15. b3
bxc4 16. bxc4 Rac8 17. Qe1 cxd5 18. cxd5 Rc4 19. Be3 Rfc8 20. Rc1 f5 21. Ne6 f4
22. Bd2 Nf7 23. Qe2 Bf6 24. Qf2 Nd8 25. Nxd8 Qxd8 26. Ne2 Rc2 27. Rxc2 Rxc2 28.
Nc3 Nc8 29. g3 fxg3 30. Qxg3 Rxd2 31. Qxg6+ Bg7 32. Qxh5 Qf8 33. Qg4 Nb6 34.
Qe6+ Kh8 35. Rf2 Rxf2 36. Kxf2 Qf6 37. Qe8+ Kh7 38. Qh5+ Qh6 39. Qf5+ Kh8 40.
h5 Nc4 41. Qc8+ Bf8 42. Qxc4 Qxh5 43. Qxa6 Qh2+ 44. Ke3 Qc2 45. Qd3 Bh6+ 0-1

[Event "Junior Online 4NCL Division 1"]
[Site "online"]
[Date "2020.04.23"]
[Round "2.46"]
[White "Varley, Joe"]
[Black "Cordova-Lopez, Diego Anton"]
[Result "1-0"]
[WhiteElo "1795"]
[BlackElo "1780"]
[PlyCount "133"]
[EventDate "2020.04.23"]
[WhiteTeam "Hull and Friends 1"]
[BlackTeam "King's College Junior"]

1. d4 Nf6 2. c4 g6 3. Nc3 Bg7 4. e4 d6 5. f3 O-O 6. Bd3 e5 7. Nge2 exd4 8. Nxd4
Nbd7 9. O-O a5 10. Bg5 Nc5 11. Bc2 c6 12. Qd2 Ne6 13. Be3 d5 14. cxd5 cxd5 15.
Rad1 dxe4 16. Nxe6 Bxe6 17. Qf2 Qc7 18. Nxe4 Nxe4 19. Bxe4 Rac8 20. b3 Rfd8 21.
Rxd8+ Rxd8 22. Bb6 Qd7 23. Kh1 Rc8 24. Bxa5 Ra8 25. Bb4 Bd4 26. Qd2 Bb6 27. Rd1
Rxa2 28. Qxd7 Bxd7 29. g4 Be6 30. Bc3 Ra3 31. Rd6 Bc7 32. Rd2 Rxb3 33. Bf6 Re3
34. Rb2 Bxg4 35. Rxb7 Bxf3+ 36. Bxf3 Rxf3 37. Bb2 Rf2 38. Rxc7 Rxb2 39. Kg1 h5
40. Rd7 Kg7 41. Rc7 g5 42. Rc6 f6 43. Rd6 Kg6 44. Rc6 h4 45. Rc4 Kf5 46. h3 Ke5
47. Ra4 f5 48. Ra5+ Kf4 49. Ra4+ Kg3 50. Ra3+ Kf4 51. Ra4+ Ke5 52. Ra5+ Kf6 53.
Ra6+ Kg7 54. Ra7+ Kh6 55. Ra5 f4 56. Ra6+ Kh5 57. Ra5 Rd2 58. Ra3 Kg6 59. Rb3
Kf5 60. Rb5+ Ke4 61. Rxg5 Kf3 62. Rg4 Rd1+ 63. Kh2 Rf1 64. Rxh4 Rf2+ 65. Kg1
Kg3 66. Rh8 f3 67. Rg8+ 1-0